000 00275nam a2200085Ia 4500
008 220204s9999 xx 000 0 und d
245 0 _aComparison of Indian and overseas standards for wrought steel for general engineering purposes
260 _aNew Delhi
_bISI
_c1966
942 _cBK
999 _c43706
_d43706